| 000 | 00866 a2200265 4500 | ||
|---|---|---|---|
| 999 |
_c200129117 _d3761 |
||
| 001 | 200129117 | ||
| 003 | TR-AnTOB | ||
| 005 | 20200604110042.0 | ||
| 008 | 130430s tu 000 0 | ||
| 040 |
_aTR-AnTOB _beng _erda _cTR-AnTOB |
||
| 041 | 0 | _atur | |
| 050 |
_aG156.5.S66 _bU48 2013 |
||
| 090 | _aG156.5.S66.U48 2013 | ||
| 245 | 0 | 0 |
_aUlusal gençlik ve spor politikası belgesi = The national youth and sports policy document / _c[yayınlayan] Gençlik ve Spor Bakanlığı. |
| 264 | 1 |
_aAnkara : _bGençlik ve Spor Bakanlığı, _c2013. |
|
| 300 |
_a176 s _c23 cm |
||
| 336 |
_2rdacontent _atext _btxt |
||
| 337 |
_2rdamedia _aunmediated _bn |
||
| 338 |
_2rdacarrier _avolume _bnc |
||
| 490 | 0 |
_aGençlik ve Spor Bakanlığı Yayınları ; _v57 |
|
| 650 | 0 |
_aSports _91575 |
|
| 650 | 7 |
_aSpor _2etuturkob _96226 |
|
| 942 |
_cBK _2lcc |
||